Crisis en 1990 y una agenda nacional más allá de 1994 / (Registro nro. 15022)

Detalles MARC
000 -LEADER
fixed length control field 01068nam a2200277 a 4500
001 - CONTROL NUMBER
control field 000025578
003 - CONTROL NUMBER IDENTIFIER
control field DO-SdBPM
005 - DATE AND TIME OF LATEST TRANSACTION
control field 20250401122634.0
008 - FIXED-LENGTH DATA ELEMENTS--GENERAL INFORMATION
fixed length control field 110218s1993 dr a 000 0 spa d
040 ## - CATALOGING SOURCE
Original cataloging agency DO-SdBPM
Language of cataloging spa
Transcribing agency BPMSU
082 #4 - DEWEY DECIMAL CLASSIFICATION NUMBER
Classification number 324.97293
Item number G861c 1993
Edition number 22
100 1# - MAIN ENTRY--PERSONAL NAME
Personal name Grimaldi, Víctor,
Dates associated with a name 1949-
100 z# - MAIN ENTRY--PERSONAL NAME
Personal name Grimaldi Céspedes, Víctor Manuel,
Dates associated with a name 1949-
245 10 - TITLE STATEMENT
Title Crisis en 1990 y una agenda nacional más allá de 1994 /
Statement of responsibility, etc. Víctor Grimaldi ; prólogo Jimmy Carter.
260 ## - PUBLICATION, DISTRIBUTION, ETC. (IMPRINT)
Place of publication, distribution, etc. Santo Domingo :
Name of publisher, distributor, etc. Amigo del Hogar,
Date of publication, distribution, etc. 1993.
300 ## - PHYSICAL DESCRIPTION
Extent 167 p. :
Other physical details il. ;
Dimensions 32 cm.
500 ## - GENERAL NOTE
General note Incluye datos biográficos del autor en las solapas
500 ## - GENERAL NOTE
General note Incluye referencias bibliográficas y notas al pie de las páginas
590 ## - LOCAL NOTE (RLIN)
Local note Inventariado, 2025/VM
650 #4 - SUBJECT ADDED ENTRY--TOPICAL TERM
Topical term or geographic name as entry element Elecciones
Geographic subdivision República Dominicana
Chronological subdivision
651 #4 - SUBJECT ADDED ENTRY--GEOGRAPHIC NAME
Geographic name República Dominicana
General subdivision Política Y Gobierno
Chronological subdivision 1961-
651 #4 - SUBJECT ADDED ENTRY--GEOGRAPHIC NAME
Geographic name República Dominicana
General subdivision Condiciones Económicas
Chronological subdivision 1961-
700 1# - ADDED ENTRY--PERSONAL NAME
Personal name Carter, Jimmy,
Relator term prólogo
910 ## - USER-OPTION DATA (OCLC)
User-option data VMateo V. Control de calidad. BPMSU
942 ## - ADDED ENTRY ELEMENTS (KOHA)
Source of classification or shelving scheme Dewey Decimal Classification
Koha item type Libros
Existencias
Withdrawn status Lost status Source of classification or shelving scheme Damaged status Not for loan Collection code Home library Current library Date acquired Total Checkouts Full call number Barcode Date last seen Price effective from Koha item type
    Dewey Decimal Classification     Colección Dominicana Biblioteca Pública Metropolitana Salomé Ureña Biblioteca Pública Metropolitana Salomé Ureña 04/01/2025   BPMSU CD 324.97293 G861c 1993 BPMSU25040003 04/01/2025 04/01/2025 Libros